Multimedia Fundamentals Volume 1:/ (Record no. 18643)

MARC details
000 -LEADER
fixed length control field 00598nam a22001817a 4500
008 - FIXED-LENGTH DATA ELEMENTS--GENERAL INFORMATION
fixed length control field 201126b xxu||||| |||| 00| 0 eng d
020 ## - INTERNATIONAL STANDARD BOOK NUMBER
International Standard Book Number 9780130313997
040 ## - CATALOGING SOURCE
Original cataloging agency KABU
Transcribing agency KABU
050 ## - LIBRARY OF CONGRESS CALL NUMBER
Classification number QA 76.575
Item number .S74 2002 C.1
100 ## - MAIN ENTRY--PERSONAL NAME
Personal name Steinmetz, Ralf.
245 ## - TITLE STATEMENT
Title Multimedia Fundamentals Volume 1:/
Remainder of title Media coding and content processing.
Statement of responsibility, etc. Ralf Steinmetz and klara Nahrstedt
260 ## - PUBLICATION, DISTRIBUTION, ETC. (IMPRINT)
Place of publication, distribution, etc. Uppper saddle River:
Name of publisher, distributor, etc. Prentice-Hall,
Date of publication, distribution, etc. 2002.
300 ## - PHYSICAL DESCRIPTION
Extent xvi,274p.
650 ## - SUBJECT ADDED ENTRY--TOPICAL TERM
Topical term or geographic name as entry element Media coding and content processing
650 ## - SUBJECT ADDED ENTRY--TOPICAL TERM
Topical term or geographic name as entry element multimedia system
700 ## - ADDED ENTRY--PERSONAL NAME
Personal name Nahrstedt, Klara.
942 ## - ADDED ENTRY ELEMENTS (KOHA)
Source of classification or shelving scheme Library of Congress Classification
Koha item type General Collection
Holdings
Withdrawn status Lost status Source of classification or shelving scheme Not for loan Home library Current library Date acquired Cost, normal purchase price Inventory number Total Checkouts Full call number Barcode Date last seen Date last checked out Copy number Price effective from Koha item type
    Library of Congress Classification   Kabarak, Main Campus Kabarak, Main Campus 26/11/2020 6711.00 2020/1623 1 QA 76.575 .S74 2002 C.1 029416 18/11/2023 13/10/2023 C. 1 26/11/2020 General Collection
Designed with assistance from East African Informatics Ltd